| 000 | 00393cam a22001454a 4500 | ||
|---|---|---|---|
| 005 | 20250605164354.0 | ||
| 008 | 250528s ||||||||||||||||||||||||d | ||
| 035 | _a24245 | ||
| 040 |
_aGR-AtMCL _bgre _dGR-AtMCL _eAACR2 |
||
| 245 | 1 | _aWorld Alliance of Cities Against Poverty | |
| 710 | 2 |
_aUnited Nations Development Programme _99832 |
|
| 942 | _cCR | ||
| 999 |
_c9136 _d9136 |
||